Catálogo público

Historia de la civilización de los Estados Unidos de Norte América, desde sus orígenes hasta el presente (Record no. 13466)

MARC details
000 -CABECERA
campo de control de longitud fija 01042nam a22003017a 4500
003 - IDENTIFICADOR DEL NÚMERO DE CONTROL
campo de control CHAP
005 - FECHA Y HORA DE LA ÚLTIMA TRANSACCIÓN
campo de control 20220329133955.0
008 - DATOS DE LONGITUD FIJA--INFORMACIÓN GENERAL
campo de control de longitud fija 971013s1946 r 00010 d
010 ## - NÚMERO DE CONTROL DE LA BIBLIOTECA DEL CONGRESO
Número de control de LC 13466
011 ## - ENLACE DEL NUMERO DE CONTROL DE LA BIBLIOTECA DEL CONGRESO [OBSOLETO]
Número de control de LC 14438
035 ## - NÚMERO DE CONTROL DEL SISTEMA
Número de control de sistema 18512
040 ## - FUENTE DE LA CATALOGACIÓN
Centro/agencia transcriptor CHAP
082 ## - NÚMERO DE LA CLASIFICACIÓN DECIMAL DEWEY
Número de clasificación 973
Número de documento/Ítem B43Y
100 00 - ENTRADA PRINCIPAL--NOMBRE DE PERSONA
Nombre de persona Beard, Charles Austin.
9 (RLIN) 11071
245 ## - MENCIÓN DE TÍTULO
Título Historia de la civilización de los Estados Unidos de Norte América, desde sus orígenes hasta el presente
260 ## - PUBLICACIÓN, DISTRIBUCIÓN, ETC.
Lugar de publicación, distribución, etc. Buenos Aires :
Nombre del editor, distribuidor, etc. Kraft,
Fecha de publicación, distribución, etc. 1946
300 ## - DESCRIPCIÓN FÍSICA
Extensión 4 v.
505 ## - NOTA DE CONTENIDO CON FORMATO
Nota de contenido con formato Contenido : v.1-2 La era agrícola v.3-4 La era industial
590 ## - NOTA LOCAL (RLIN)
Nota local BATCH-UPD
Procedencia (VM) [OBSOLETO] 10
Condición del los carretes individuales (VM) [OBSOLETO] 20130110
-- UCH01
-- 1934
590 ## - NOTA LOCAL (RLIN)
Nota local CONVERSION
Procedencia (VM) [OBSOLETO] 10
Condición del los carretes individuales (VM) [OBSOLETO] 20130109
-- UCH01
-- 1309
650 14 - PUNTO DE ACCESO ADICIONAL DE MATERIA--TÉRMINO DE MATERIA
Término de materia o nombre geográfico como elemento de entrada E.U.A.
Subdivisión general Historia.
9 (RLIN) 34843
901 ## - ELEMENTOS DE DATOS A LOCAL LDA (RLIN)
a BK
942 ## - ELEMENTOS DE PUNTO DE ACCESO ADICIONAL (KOHA)
Tipo de ítem Koha Libro
949 ## - PROCESAMIENTO DE INFORMACIÓN LOCAL (OCLC)
a 973 B43Y
b BC
c BPA
d -43205
e BPA
f v.1
h 25910
i 18512
s i
949 ## - PROCESAMIENTO DE INFORMACIÓN LOCAL (OCLC)
a 973 B43Y
b BC
c BPA
d -43206
e BPA
f v.2
h 25911
i 18512
s i
949 ## - PROCESAMIENTO DE INFORMACIÓN LOCAL (OCLC)
a 973 B43Y
b BC
c BPA
d -43208
e BPA
f v.3
h 25912
i 18512
s i
949 ## - PROCESAMIENTO DE INFORMACIÓN LOCAL (OCLC)
a 973 B43Y
b BC
c BPA
d -43209
e BPA
f v.4
h 25913
i 18512
s i
Holdings
Estado de retiro Estado de pérdida Estado dañado Restricciones de uso No para préstamo Código de colección Localización permanente Ubicación/localización actual Fecha de adquisición Información codificada de la localización en otra ubicación Número de inventario Total de préstamos Signatura topográfica completa Código de barras Fecha visto por última vez Número de copia Precio válido a partir de Tipo de ítem Koha
Material descartado     Préstamo 3 días   Material descartado Biblioteca Central Biblioteca Central 31/12/2019 LIBRO 127   973 B43Y -43205 31/12/2019 v.1 31/12/2019 Libro
Material descartado     Préstamo 3 días   Material descartado Biblioteca Central Biblioteca Central 31/12/2019 LIBRO 127   973 B43Y -43206 31/12/2019 v.2 31/12/2019 Libro
Material descartado     Préstamo 3 días   Material descartado Biblioteca Central Biblioteca Central 31/12/2019 LIBRO 127   973 B43Y -43208 31/12/2019 v.3 31/12/2019 Libro
Material descartado     Préstamo 3 días   Material descartado Biblioteca Central Biblioteca Central 31/12/2019 LIBRO 127   973 B43Y -43209 31/12/2019 v.4 31/12/2019 Libro